000 00339nam a22001097a 4500
999 _c15105
_d15105
008 200304b ||||| |||| 00| 0 eng d
245 _aBSP assures confidential information will remain private.
260 _aPhilippines;
_bManila Bulletin,
_c©2019.
300 _apage 7;
_c29.5cm.
650 _aRights and Privacy.
_941833
942 _2ddc
_cPER